|
|
|
|
| LEADER |
00000nam0a2200000 4500 |
| 001 |
26789 |
| 005 |
20231030201806.0 |
| 010 |
|
|
|a 5869860359
|
| 035 |
|
|
|a (RuTPU)RU\TPU\book\27033
|
| 035 |
|
|
|a BOOK00027108
|
| 090 |
|
|
|a 26789
|
| 100 |
|
|
|a 20011209d1996 m y0rusy50 ca
|
| 101 |
0 |
|
|a rus
|
| 102 |
|
|
|a RU
|
| 105 |
|
|
|a y j 001zy
|
| 200 |
1 |
|
|a Практикум по экологии
|e учебное пособие
|f С. В. Алексеев, Н. В. Груздева, А. Г. Муравьев, Э. В. Гущина
|
| 210 |
|
|
|a Москва
|c МДС
|d 1996
|
| 215 |
|
|
|a 192 с.
|
| 320 |
|
|
|a Библиогр.: с. 187-188.
|
| 610 |
1 |
|
|a экология
|
| 610 |
1 |
|
|a школьный курс
|
| 610 |
1 |
|
|a практические пособия
|
| 610 |
1 |
|
|a учебные пособия
|
| 675 |
|
|
|a 574(076)
|v 3
|
| 701 |
|
1 |
|a Алексеев
|b С. В.
|g Сергей Владимирович
|
| 701 |
|
1 |
|a Груздева
|b Н. В.
|g Наталья Владимировна
|
| 701 |
|
1 |
|a Муравьев
|b А. Г.
|g Александр Григорьевич
|
| 701 |
|
1 |
|a Гущина
|b Э. В.
|g Эльвира Васильевна
|
| 801 |
|
0 |
|a RU
|b 63413507
|c 20011209
|g PSBO
|
| 801 |
|
2 |
|a RU
|b 63413507
|c 20051020
|g PSBO
|
| 900 |
|
|
|a Экология
|
| 942 |
|
|
|c BK
|